Educación superior en Iberoamérica : informe 2007

Gardado en:
Detalles Bibliográficos
Autor Corporativo: Centro Interuniversitario de Desarrollo
Outros autores: Brunner, José Joaquín, 1944- Director/a
Formato: Libro
Idioma:Spanish
Publicado: Santiago, Chile : CINDA, 2007.
Materias:
Etiquetas: Engadir etiqueta
Sen Etiquetas, Sexa o primeiro en etiquetar este rexistro!

MARC

LEADER 00000nam a2200000Ia 4500
003 003301
005 20221231143938.0
008 140114s2007 cl a 000 ||spa d
020 |a 9789567106509 
040 |c cru CEDI 
082 |a 378,8 E24eu 
110 |9 21596  |a Centro Interuniversitario de Desarrollo  
245 |a Educación superior en Iberoamérica : informe 2007 
260 |a  Santiago, Chile : CINDA,   |c 2007. 
300 |a 319 páginas : ilustraciones (algunas a color)+ 1 disco óptico de computadora (4 3/4 plg.) 
500 |a  Responsabilidad tomada de preliminares 
650 |x ENSEÑANZA SUPERIOR   |x  EVALUACION   |x FINANCIACION   |x AMERICA LATINA   |x ESPAÑA   |x  PORTUGAL   |x POLITICA EDUCATIVA  |x CALIDAD DE LA EDUCACION   |x UNIVERSIDADES   |x  INVESTIGACIONES  |9 21598 
700 |9 21597  |a Brunner, José Joaquín, 1944-  |d Director/a 
942 |2 ddc  |c BK 
999 |c 14618  |d 14618